000
00491nam a2200181Ia 4500
008
090124s9999 xx 000 0 und d
082
_b
46881
100
_a
जोशी शशिकांत
245
_a
प्राउातन
250
_a
1
260
_c
2007
300
_a
139
600
_a
जोशी शशिकांत
630
_a
प्राउातन
700
_a
जोशी शशिकांत
730
_a
प्राउातन
942
_c
BOOK
999
_c
113105
_d
113105